[Event "IND-ch (Women) 46th"]
[Site "Managiri"]
[Date "2019.07.20"]
[Round "3"]
[White "Mrudul, Dehankar"]
[Black "Shetye, Siddhali"]
[Result "1-0"]
[WhiteElo "2074"]
[BlackElo "1837"]
[PlyCount "57"]
[EventDate "2019.07.19"]
[EventType "swiss"]
[EventRounds "11"]
[EventCountry "IND"]
[SourceTitle "EXT 2020"]
[Source "ChessBase"]
[SourceDate "2019.10.17"]
[SourceVersion "1"]
[SourceVersionDate "2019.10.17"]
[SourceQuality "1"]

1. e4 e5 2. Nf3 Nc6 3. Bb5 a6 4. Ba4 Nf6 5. 0-0 b5 6. Bb3 Bc5 7. d3 d6 8. a4 Rb8 9. c3 Bb6 10. Nbd2 0-0 11. h3 h6 12. Re1 Re8 13. Nf1 Ne7 14. Nh4 Be6 15. Bc2 Ng6 16. Nxg6 fxg6 17. d4 Nh5 18. Be3 Rf8 19. Bb3 Bxb3 20. Qxb3+ Kh7 21. axb5 axb5 22. Qd1 Nf4 23. Bxf4 Rxf4 24. Re2 exd4 25. cxd4 Qf6 26. g3 Rf3 27. Nh2 Rxf2 28. Ng4 h5 29. Nh2 1-0

[Event "IND-ch (Women) 46th"]
[Site "Managiri"]
[Date "2019.07.20"]
[Round "2"]
[White "Shetye, Siddhali"]
[Black "Priyanka, K."]
[Result "1/2-1/2"]
[WhiteElo "1837"]
[BlackElo "2217"]
[PlyCount "63"]
[EventDate "2019.07.19"]
[EventType "swiss"]
[EventRounds "11"]
[EventCountry "IND"]
[SourceTitle "EXT 2020"]
[Source "ChessBase"]
[SourceDate "2019.10.17"]
[SourceVersion "1"]
[SourceVersionDate "2019.10.17"]
[SourceQuality "1"]

1. d4 Nf6 2. g3 g6 3. Bg2 Bg7 4. e4 d6 5. Nc3 0-0 6. Nge2 e5 7. 0-0 c6 8. a4 Nbd7 9. h3 Re8 10. Be3 Qc7 11. a5 exd4 12. Bxd4 Nc5 13. e5 Rxe5 14. Bxe5 dxe5 15. Qd2 Be6 16. Rfd1 Na6 17. Kh2 h5 18. Ne4 Nxe4 19. Bxe4 f5 20. Bg2 Bf6 21. Qh6 Kf7 22. h4 Rh8 23. Qd2 Rd8 24. Qe3 Rxd1 25. Rxd1 c5 26. Nc3 e4 27. Nb5 Qxa5 28. Nd6+ Kg7 29. Ne8+ Kf7 30. Nd6+ Kg7 31. Ne8+ Kf7 32. Nd6+ 1/2-1/2

[Event "IND-ch Challengers (Women) 44th"]
[Site "Mysore"]
[Date "2017.07.23"]
[Round "5"]
[White "Mohota, Nisha"]
[Black "Shetye, Siddhali"]
[Result "1-0"]
[WhiteElo "2271"]
[BlackElo "1920"]
[PlyCount "59"]
[EventDate "2017.07.21"]
[EventType "swiss"]
[EventRounds "11"]
[EventCountry "IND"]
[SourceTitle "EXT 2019"]
[Source "ChessBase"]
[SourceDate "2018.10.10"]
[SourceVersion "1"]
[SourceVersionDate "2018.10.10"]
[SourceQuality "1"]

1. e4 e5 2. Nf3 Nc6 3. Bc4 Nf6 4. d3 Bc5 5. 0-0 0-0 6. a4 a6 7. Nbd2 d5 8. exd5 Nxd5 9. Ne4 Be7 10. Re1 Nb6 11. Bb3 Bg4 12. c3 Kh8 13. h3 Bxf3 14. Qxf3 f5 15. Ng3 Bd6 16. Bc2 a5 17. Nf1 Qd7 18. Be3 Rae8 19. Rad1 e4 20. dxe4 Ne5 21. Qe2 f4 22. Bxb6 f3 23. Qb5 fxg2 24. Qxd7 gxf1Q+ 25. Rxf1 Nxd7 26. Bxc7 Bxc7 27. Rxd7 Rc8 28. Rfd1 Bb6 29. R1d2 Rc6 30. e5 1-0

[Event "Mumbai Mayors Cup 10th"]
[Site "Mumbai"]
[Date "2017.06.05"]
[Round "3"]
[White "Shetye, Siddhali"]
[Black "Rathanvel, VS."]
[Result "1/2-1/2"]
[WhiteElo "1932"]
[BlackElo "2361"]
[PlyCount "51"]
[EventDate "2017.06.04"]
[EventType "swiss"]
[EventRounds "10"]
[EventCountry "IND"]
[SourceTitle "CBM 178 Extra"]
[Source "ChessBase"]
[SourceDate "2017.06.22"]
[SourceVersion "1"]
[SourceVersionDate "2017.06.22"]
[SourceQuality "1"]

1. d4 Nf6 2. c4 g6 3. Nc3 d5 4. Nf3 Bg7 5. Bf4 0-0 6. e3 c5 7. dxc5 Qa5 8. Rc1 dxc4 9. Bxc4 Qxc5 10. Bb3 Nc6 11. 0-0 Qa5 12. h3 Bf5 13. Qe2 Ne4 14. g4 Nxc3 15. bxc3 e5 16. Bg3 Bd7 17. Rfd1 Qc7 18. Ng5 h6 19. Ne4 Na5 20. Bd5 Kh8 21. g5 h5 22. Nf6 Ba4 23. Rd2 Bd7 24. Rdd1 Ba4 25. Rd2 Bd7 26. Ra1 1/2-1/2